00946nam a2200217 i 4500001000700000003000900007005001700016008004100033020001800074080002600092245015400118260010100272300004100373651002600414700003200440700002900472700004400501710005200545710002800597852010300625184013ES-MaACL20250814220415.0150220s1996 sp fh |||| | spa d a84-920047-2-X a946.018.4"11/13"(093)00aPrivilegios Reales de la villa de Benavente b: (siglos XII-XIV) /cPascual Martínez Sopena, Vidal Aguado Seisdedos, Rafael González Rodríguez. aBenavente : bCentro de estudios Benaventanos "Ledo del Pozo" :bCírculo de Benavente, c1996. a103 p., [21] p. de lám. ; c35 cm. 4aBenavente-xHistoria.1 aMartínez Sopena, Pascual.1 aAguado Seisdedos, Vidal.1 aGonzález Rodríguez, Rafael, d1964-2 aCentro de Estudios Benaventanos "Ledo del Pozo"2 aCírculo de Benavente. aES-MaACLjB-464 z- Enc. tela granate z. - Donat. Centro de estudios Benaventanos "Ledo del Pozo"